Buffy the Vampire Slayer Sudden Death - Statistics

General Stats
  • This quiz has been taken 241 times
  • The average score is 15 of 17
Answers on the Grid
Answers color-coded by a green-red scale on the quiz's grid according to % correct below.
Buffy Summers
Angel
Faith
Malcolm Crowe
Erin Noble
Spike
Stefan Salvatore
Xander Harris
Anya Jenkins
Laszlo Cravensworth
Willow Rosenberg
Rupert Giles
Sophie Ainsworth
Cordelia Chase
Marcie Ross
Joyce Summers
Alice Cullen
Wesley Wyndam - Price
Jenny Calendar
Jonathon Levinson
Mayor Richard Wilkins
Principal Snyder
Mina Harker
Tara Maclay
 
Answer Stats
Answer % Correct
Buffy Summers
97%
Angel
95%
Spike
95%
Joyce Summers
94%
Principal Snyder
93%
Cordelia Chase
92%
Anya Jenkins
91%
Rupert Giles
91%
Willow Rosenberg
91%
Xander Harris
91%
Faith
90%
Mayor Richard Wilkins
90%
Tara Maclay
88%
Jenny Calendar
85%
Wesley Wyndam - Price
82%
Jonathon Levinson
79%
Marcie Ross
55%
No matching quizzes found
Score Distribution
Percent of People with Each Score
Percentile by Number Answered
Your Score History
You have not taken this quiz